000 00485nam a2200205Ia 4500
003 0100
008 130307s9999 xx 000 0 und d
040 _cARRUPELIB
050 _aB765.T54G5 1958
100 _aGilby, Thomas
245 4 _aThe political thought of Thomas Aquinas
260 _aChicago
260 _bThe University of Chicago Press
260 _c1958
300 _a357p.
300 _b21cm.
650 _aPHILOSOPHY
650 _bSoviet philosophy
942 0 0 _07
999 _c95365
_d95365